01443cam a22003617a 4500003000500000005001700005008004100022010001000063011001000073035001000083040000900093082001700102100004500119245016300164260008500327300001100412590004100423590004100464590004100505590004100546590004100587590004200628650003200670650004700702700003900749700003600788901000700824905002600831942001000857949005900867999001700926952013800943CHAP20220329141929.0980807d1992 do r 00110 spa d a75887 a76859 a86451 cCHAP04a581.634bM4200aMañón López, Darío Isaac.97112710aMedicina tradicional dominicana :b(una contribución a su estudio)c/por Darío Isaac Mañón López, Ibrahim Haché Llinas y Eduardo García Suárez aSanto Domingo, República Dominicana :bAcademia Dominicana de Medicina,c1992. a412 p. aBATCH-UPDb10c20130110lUCH01h0603 aBATCH-UPDb10c20130410lUCH01h0244 aBATCH-UPDb10c20130410lUCH01h1645 aBATCH-UPDb10c20130914lUCH01h0736 aBATCH-UPDb10c20130914lUCH01h2149 aCONVERSIONb10c20130109lUCH01h134214aBotánica médica.91468014aBotánicaxRepública Dominicana.9146130 aGarcía Suárez, Eduardo.9466680 aHaché Llinas, Ibrahim.952157 aBK aAlejandra Carrasco M. cLIBRO a581.634 M42bBCcCd33724000690459eCh92333i86451sb c75887d75887 00102ddc4051708CaBCbBCcPA_CONSULTAd2019-12-31fLIBROl0o581.634 M42p33724000690459r2019-12-31 00:00:00w2019-12-31yLIBRO